| 000 | 00000nam 2200000zi 4500 |
| 001 | 9.947500 |
| 003 | CaOODSP |
| 005 | 20250131153723 |
| 006 | m o d f |
| 007 | cr bn||||||||| |
| 008 | 250129e197411 oncad ob f000 0 eng d |
| 040 | |aCaOODSP|beng|erda|cCaOODSP |
| 043 | |an-cn--- |
| 086 | 1 |aDR52-19/11-1974E-PDF |
| 100 | 1 |aBeevis, David, |eauthor. |
| 245 | 10|aPolar icebreaker bridge design / |cD. Beevis. |
| 264 | 1|aDownsview, Ontario : |bDepartment of National Defence, Canada : |bDefence and Civil Institute of Environmental Medicine, Behavioural Sciences Division, |cNovember 1974. |
| 300 | |a1 online resource (ii, 76 pages) : |billustrations, charts. |
| 336 | |atext|btxt|2rdacontent |
| 337 | |acomputer|bc|2rdamedia |
| 338 | |aonline resource|bcr|2rdacarrier |
| 490 | 1 |aDCIEM report ; |vno. 74-R-1069 |
| 500 | |aDigitized edition from print [produced by Defence R&D Canada]. |
| 504 | |aIncludes bibliographical references (pages 27-29). |
| 650 | 0|aIcebreakers (Ships)|zCanada|xDesign and construction. |
| 650 | 6|aBrise-glaces|zCanada|xConception et construction. |
| 710 | 2 |aDefence and Civil Institute of Environmental Medicine (Canada), |eissuing body. |
| 710 | 1 |aCanada. |bDepartment of National Defence, |eissuing body. |
| 830 | #0|aDCIEM report ;|vno. 74-R-1069.|w(CaOODSP)9.941842 |
| 856 | 40|qPDF|s2.52 MB|uhttps://publications.gc.ca/collections/collection_2025/rddc-drdc/DR52-19-11-1974-eng.pdf |